| 000 | 01372cam a22003011i 4500 | ||
|---|---|---|---|
| 003 | SA-RiAUC | ||
| 005 | 20241002142525.0 | ||
| 008 | 240928s1991 su a g b 000 0 ara c | ||
| 040 |
_aSA-RiAUC _bara _cSA-RiAUC _erda |
||
| 043 | _aa-su--- | ||
| 082 | 0 | 4 |
_a351.531 _bا ص أ |
| 082 | 0 | 4 | _a351.531 |
| 090 |
_a351.531 _bش م ر |
||
| 100 | 1 |
_aالشمراني، صالح بن علي عبد الرحمن، _d1370 هجري- _eمؤلف. |
|
| 245 | 1 | 0 |
_aأثر الدعم الحكومي في نمو قطاعي الإسكان والصناعة في بعض المدن السعودية / _cمن إعداد صالح بن علي الشمراني. |
| 246 | 3 | 0 | _aالإسكان والصناعة في بعض المدن السعودية |
| 264 | 1 |
_aمكة المكرمة : _bنادي مكة الثقافي الأدبي، _c1991 |
|
| 300 |
_a144 صفحة : _bمصور ؛ _c24 سم. |
||
| 336 |
_aنص _btxt _2rdacontent _3كتاب |
||
| 337 |
_aبدون وسيط _bn _2rdamedia |
||
| 338 |
_aمجلد _bnc _2rdacarrier |
||
| 490 | 0 |
_aمطبوعات نادي مكة الثقافي الأدبي ؛ _v75 |
|
| 504 | _aببليوجرافية : صفحة 131-134. | ||
| 650 | 7 |
_aالإسكان _zالسعودية _xمالية _2aucsh |
|
| 651 | 7 |
_aالسعودية _xصناعات _xجوانب اقتصادية _2aucsh |
|
| 942 |
_2ddc _cBOOK _n0 |
||
| 949 |
_aSA-JeALM _d240928 _umohamedma123 _n1 |
||
| 999 |
_c809 _d809 |
||